Statistics for Young the Giant Lyric Quiz

Click here to take the quiz!

General Stats

  • This quiz has been taken 30 times
  • The average score is 10 of 20

Answer Stats

HintAnswer% Correct
A dark world aches for a splash of the sunCough Syrup
76%
Taste my disaster, it's heavy on my tongueMind Over Matter
67%
Jill liked art, she listened to Mozart, people thought she was smartMr. Know it All
62%
Down to the station where you lived, when we were school kidsMy Body
62%
You carved a boat to sell my shadow, now I walk aloneApartment
52%
Remembered all these years, falling like rain, a truth that appears, oh, the genius of painArt Exhibit
52%
I'm in a parachute, falling in deep, sleepFirelight
52%
Burning scrolls in the naked heatI Got
52%
Everyday when I speak to the moon, pale as a ghost in the afternoonSomething to Believe In
52%
It's a full moon at midnight, running fast out of time, it's a feeling you can't describeDaydreamer
43%
I was afraid of the love that you asked for, you asked forElsewhere
43%
The way you move, a foreign groove, at night, I could never, I could never hold youIslands
43%
Oh what a pretty high note, where you run to, I'll go glisteningSt. Walker
43%
This is where I belong, with the beat of your drum, not any otherCrystallized
38%
I want to dance, and I'm not dancing aloneEros
38%
God only knows what I would do to youNothings Over
38%
Saving myself from the mouth of a monsterParalysis
38%
No stillness in our orbit, we keep spinningRepeat
38%
Letting the tide suck me in, and the chemicals burst inWaves
33%
And we are not lost, we're just searchingIn My Home
29%

Score Distribution

Percentile by Number Answered

Percent of People with Each Score

Your Score History

You have not taken this quiz